000
00280nam a2200121Ia 4500
008
250224s9999 xx 000 0 und d
020
_a
9781444128864
082
_a
150.1RIC
100
_a
Richard Gross
245
0
_a
Being human
942
_c
BK
999
_c
472378
_d
472378